[Event "BL2-S9798"]
[Site "Germany"]
[Date "1998.??.??"]
[Round "?.7"]
[White "Thanner, Hans Peter"]
[Black "Schulzke, Erich"]
[Result "0-1"]
[WhiteElo "2140"]
[BlackElo "2265"]

1.e4 c5 2.c3 Nf6 3.d3 Nc6 4.f4 d6 5.Nf3 g6 6.Be2 Bg7 7.O-O O-O 8.h3 c4 9.Na3 cxd3
10.Qxd3 d5 11.e5 Bf5 12.Qb5 Ne4 13.Qxb7 Na5 14.Qa6 Bc8 15.Qd3 Qb6+ 16.Kh2 Bb7
17.b4 Nc6 18.Be3 Qc7 19.Nb5 Qd7 20.Rfd1 Rfd8 21.Nbd4 f6 22.Nxc6 Qxc6 23.Bd4 Qe6
24.Qe3 Rac8 25.Rac1 a6 26.a4 Kh8 27.b5 axb5 28.Bxb5 Bh6 29.g4 Kg8 30.a5 Rf8
31.exf6 exf6 32.Nd2 Qd6 33.Rf1 g5 34.Kg2 gxf4 35.Qd3 Nxd2 36.Kg1 Ne4 37.c4 f3
38.Qxf3 Bxc1 39.Rxc1 dxc4 40.Bxc4+ Kg7 41.Qe3 Qg3+ 42.Kf1 Qxe3 43.Bxe3 Rxc4  0-1

[Event "BL2-S9798"]
[Site "Germany"]
[Date "1998.??.??"]
[Round "?.8"]
[White "Thanner, Hans Peter"]
[Black "Bosbach, Gerhard"]
[Result "0-1"]
[WhiteElo "2140"]
[BlackElo "2225"]

1.e4 c5 2.c3 Nf6 3.e5 Nd5 4.d4 cxd4 5.Nf3 e6 6.Nxd4 d6 7.Bb5+ Bd7 8.f4 dxe5
9.fxe5 Qh4+ 10.Kf1 Bc5 11.Bc4 Nc6 12.Bxd5 exd5 13.Be3 O-O 14.Bf2 Qf4 15.Nf3 Bxf2
16.Kxf2 Nxe5 17.h3 Bf5 18.Rf1 Be4 19.Qd2 Nd3+ 20.Kg1 Qc7 21.Nd4 Rae8 22.Na3 a6
23.b3 b5 24.Nac2 Rc8 25.Ne2 a5 26.Ne3 Rfd8 27.a4 b4 28.cxb4 Nxb4 29.Rac1 Qb6
30.Qd4 Qb8 31.Rxc8 Rxc8 32.Nf5 Bxf5 33.Rxf5 Re8 34.Nf4 Re1+ 35.Kf2 Re4 36.Qd2 Qc8
37.g4 Qc5+ 38.Kf3 g6 39.Nxd5 gxf5 40.Qg5+ Kf8 41.Qh6+ Ke8 42.Nf6+ Ke7 43.Nxe4 fxe4+
44.Kxe4 Qd5+ 45.Ke3 Qxb3+ 46.Kd4 Qd5+ 47.Kc3 Qd3+  0-1

[Event "BL9798 (Women)"]
[Site "Germany"]
[Date "1998.??.??"]
[Round "?.2"]
[White "Lalic, Susan"]
[Black "Jahn, Constanze"]
[Result "1-0"]
[WhiteElo "2375"]
[BlackElo "2180"]

1.e4 c5 2.c3 Nf6 3.e5 Nd5 4.d4 cxd4 5.Nf3 e6 6.Bc4 Nb6 7.Bb3 dxc3 8.Nxc3 d5
9.exd6 Qxd6 10.Qe2 a6 11.O-O Be7 12.Rd1 Qc7 13.g3 O-O 14.Bf4 Qc6 15.Rac1 Qe8
16.Bc7 N6d7 17.Ne4 Nc6 18.Nd6 Bxd6 19.Bxd6 Nf6 20.Bxf8 Qxf8 21.Ne5 Nxe5 22.Qxe5 Bd7
23.Rd4 Bc6 24.f4 Re8 25.Ba4 Bxa4 26.Rxa4 Nd5 27.Rd4 g6 28.a3 Rd8 29.Rcc4 Qd6
30.Qxd6 Rxd6 31.Kf2 h5 32.Kf3 Kg7 33.b4 Rd8 34.Rc7 Rb8 35.Rc2 Kf6 36.h3 Rh8
37.Rdc4 Rd8 38.Rc8 Rd7 39.Rd2 Re7 40.g4 Nb6 41.Rc5 hxg4+ 42.hxg4 Nd5 43.g5+ Kg7
44.Rc8 f6 45.Rh2 fxg5 46.fxg5 Rf7+ 47.Ke4 Rf4+ 48.Ke5 Rf5+ 49.Kxe6 Nf4+ 50.Kd6 Rd5+
51.Kc7 Ne6+ 52.Kxb7 a5 53.Kc6 Rxg5 54.Rd2 axb4 55.axb4 Rg4 56.b5 Rb4 57.b6 Rc4+
58.Kd7 Nf8+ 59.Rxf8 Kxf8 60.Rb2 Rd4+ 61.Kc7 Rc4+ 62.Kd6 Rd4+ 63.Kc5 Rd8 64.b7 Rb8
65.Kc6  1-0

[Event "Oberliga Nord N9798"]
[Site "Germany"]
[Date "1998.??.??"]
[Round "?"]
[White "Jaeckle, Marco"]
[Black "Christ, Ralf"]
[Result "1-0"]
[WhiteElo "2250"]
[BlackElo "2270"]

1.e4 c5 2.c3 Nf6 3.e5 Nd5 4.d4 cxd4 5.Nf3 e6 6.cxd4 b6 7.Nc3 Nxc3 8.bxc3 Qc7
9.Bd2 Bb7 10.Bd3 d6 11.O-O Nd7 12.Ng5 dxe5 13.Qh5 g6 14.Qh3 Bg7 15.Rfe1 Qd6
16.f4 e4 17.Bxe4 Bxe4 18.Rxe4 Nf6 19.f5 Nxe4 20.Nxe4 Qd5 21.f6 Qxe4 22.Re1 Qf5
23.fxg7 Rg8 24.g4 Qd5 25.Qf1 Rxg7 26.Qf6 Rg8 27.Bg5 Qd6 28.d5 Qd8 29.Qe5 Rf8  1-0

[Event "BL9798 (Women)"]
[Site "Germany"]
[Date "1998.??.??"]
[Round "?.2"]
[White "Werner, Isabel"]
[Black "Bielicki, Birke"]
[Result "1-0"]
[WhiteElo "2220"]
[BlackElo "2180"]

1.e4 c5 2.c3 Nf6 3.e5 Nd5 4.d4 cxd4 5.Nf3 e6 6.cxd4 d6 7.a3 Bd7 8.Bd3 Bc6
9.O-O Nd7 10.Qe2 Be7 11.Bd2 dxe5 12.Nxe5 Qb6 13.Nxc6 bxc6 14.Be3 Nxe3 15.fxe3 O-O
16.Nc3 c5 17.d5 Nf6 18.Bc4 exd5 19.Nxd5 Nxd5 20.Bxd5 Rae8 21.e4 Bf6 22.Rab1 Qd6
23.Qf3 Re7 24.Kh1 Be5 25.Qh3 g6 26.Qh6 Bg7 27.Qh4 Re5 28.Qg3 Qe7 29.b4 Qc7
30.Rbc1 Re7 31.Rxc5 Qxg3 32.hxg3 Bb2 33.a4 Kg7 34.Rc2 Be5 35.Rf3 Bd6 36.b5 Bc7
37.Kg1 Ba5 38.Kf2 Ra8 39.g4 f6 40.Rc6 Rf8 41.Ke2 f5 42.gxf5 Rxf5 43.Kd3 Rxf3+
44.gxf3 Bc7 45.Kc4 h5 46.Kb4 g5 47.a5 g4 48.fxg4 hxg4 49.b6 axb6 50.axb6 Be5
51.Re6 Rxe6 52.Bxe6 g3 53.Bh3 Kf6 54.Kc5 Ke7 55.Kc6 Bf4 56.Bf1 Kd8 57.Kd5 Be3
58.Kc6 Bf4 59.Bh3 Be5 60.Kd5 Bf4 61.e5 Be3 62.Kc6 Bf4 63.Kd6 Be3 64.b7 Ba7
65.Bg2 Bb8+ 66.Ke6  1-0

[Event "BL9798 (Women)"]
[Site "Germany"]
[Date "1998.??.??"]
[Round "?.3"]
[White "Werner, Veronika"]
[Black "Sadkiewicz, Joanna"]
[Result "1/2-1/2"]
[WhiteElo "2225"]
[BlackElo "2195"]

1.e4 c5 2.c3 Nf6 3.e5 Nd5 4.d4 cxd4 5.Nf3 Nc6 6.Bc4 Nb6 7.Bb3 d5 8.exd6 Qxd6
9.O-O Be6 10.Bxe6 Qxe6 11.Nxd4 Nxd4 12.Qxd4 Rd8 13.Qh4 Qc6 14.Be3 e6 15.Nd2 Be7
16.Qg3 Bf6 17.Rfe1 Nd5 18.Ne4 h5 19.h4 Nxe3 20.Nxf6+ gxf6 21.Qxe3 Rg8 22.g3 b6
23.Rad1 Ke7 24.b3 Rd5 25.Rxd5 Qxd5 26.c4 Qc5 27.Qxc5+ bxc5 28.Rd1 a5 29.Kf1 a4
30.Ke2 axb3 31.axb3 Rb8 32.Rd3 f5 33.Kd2 Ra8  1/2-1/2

[Event "Oberliga Nord N9798"]
[Site "Germany"]
[Date "1998.??.??"]
[Round "?"]
[White "Luethke, Hans Eckart"]
[Black "Mach, Holger"]
[Result "0-1"]
[WhiteElo "2300"]
[BlackElo "2300"]

1.e4 c5 2.c3 Nf6 3.e5 Nd5 4.Nf3 Nc6 5.Bc4 Nb6 6.Bb3 d5 7.exd6 Qxd6 8.d4 cxd4
9.cxd4 Be6 10.Nc3 Bxb3 11.Qxb3 e6 12.O-O Be7 13.Nb5 Qb8 14.g3 O-O 15.Bf4 Qd8
16.Rfd1 Qd5 17.Qxd5 Nxd5 18.Bd6 Rfd8 19.Bxe7 Ncxe7 20.Nc3 Rac8 21.Kf1 h6
22.Rd2 Nb4 23.Rad1 Nbd5 24.Nxd5 Nxd5 25.h4 Rc7 26.Ne5 Rdc8 27.Ng4 Rc1 28.Ke2 Rxd1
29.Kxd1 Kf8 30.Ne3 Rd8 31.Nxd5 Rxd5 32.Ke2 Ke7 33.Ke3 Kd7 34.Rc2 Ra5 35.a3 Ra6
36.Rc5 Rc6 37.Rc3 Kd6 38.Kd3 Rb6 39.b4 Rc6 40.Rc5 b6 41.Rxc6+ Kxc6 42.Kc3 b5
43.f3 g5 44.hxg5 hxg5 45.Kd2 Kd5 46.Kc3 g4 47.fxg4 Ke4 48.g5 Ke3 49.a4 a6  0-1

[Event "Oberliga Ost A9798"]
[Site "Germany"]
[Date "1998.??.??"]
[Round "?.3"]
[White "Diekers, Michael"]
[Black "Maedler, Juergen"]
[Result "1/2-1/2"]
[WhiteElo "2145"]
[BlackElo "2235"]

1.e4 c5 2.c3 Nf6 3.e5 Nd5 4.d4 cxd4 5.Nf3 d6 6.Qxd4 e6 7.Bc4 Nc6 8.Qe4 dxe5
9.Nxe5 Nxe5 10.Qxe5 Qd6 11.Qxd6 Bxd6 12.Bxd5 exd5 13.Be3 O-O 14.O-O b5 15.a3 a5
16.Nd2 Be6  1/2-1/2

[Event "Oberliga Ost A9798"]
[Site "Germany"]
[Date "1998.??.??"]
[Round "?.3"]
[White "Wernert, Wilfrid"]
[Black "Maedler, Juergen"]
[Result "0-1"]
[WhiteElo "2325"]
[BlackElo "2235"]

1.e4 c5 2.c3 Nf6 3.e5 Nd5 4.Nf3 e6 5.Bc4 d6 6.d4 Nb6 7.Bd3 cxd4 8.cxd4 Nc6
9.O-O Be7 10.Nc3 O-O 11.Qe2 d5 12.Bc2 f5 13.exf6 Bxf6 14.a3 Qe8 15.Qd3 Qh5
16.Re1 Bd7 17.Ne2 e5 18.Ng3 e4 19.Nxh5 exd3 20.Nxf6+ gxf6 21.Bxd3 Bg4 22.Bh6 Rfe8
23.Re3 Kf7 24.Rc1 Rac8 25.Kf1 Bxf3 26.Rxf3 Nxd4 27.Rxc8 Rxc8 28.Rg3 Rg8 29.Be3 Nc6
30.Bxb6 Rxg3 31.fxg3 axb6 32.Bxh7 Ne5 33.Bf5 Nc4 34.b3 Ne3+ 35.Ke2 Nxf5 36.Kd3 Ke6
37.g4 Nh6 38.h3 Ke5 39.b4 b5 40.Ke3 d4+  0-1

[Event "NRW-Liga 9798"]
[Site "Germany"]
[Date "1998.??.??"]
[Round "6"]
[White "Jonkman, Harmen"]
[Black "Hogenacker, Jacques"]
[Result "1-0"]
[WhiteElo "2365"]
[BlackElo "2295"]

1.e4 c5 2.c3 Nf6 3.e5 Nd5 4.Nf3 Nc6 5.Bc4 Nb6 6.Bb3 g6 7.d4 cxd4 8.cxd4 Bg7
9.Bf4 d6 10.exd6 O-O 11.O-O exd6 12.h3 Na5 13.Nc3 Nac4 14.Rc1 d5 15.Nb5 Bf5
16.Bxc4 Nxc4 17.Qb3 b6 18.Rfd1 Qd7 19.Ne5 Nxe5 20.Bxe5 Rfc8 21.Nd6 Rxc1 22.Rxc1 Be6
23.Nb5 Bxe5 24.dxe5 Rc8 25.Rxc8+ Qxc8 26.Qc3 Qxc3 27.bxc3 Bd7 28.Nd4 Kf8
29.f4 Ke7 30.Kf2 h5 31.Ke3 Ba4 32.g4 hxg4 33.hxg4 Bd1 34.g5 a5 35.f5 gxf5
36.Nxf5+ Ke6 37.Kf4 Ba4 38.Nd4+ Ke7 39.Kg4 Bd1+ 40.Kf5 a4 41.Nc6+ Kd7 42.Nb4 Bf3
43.Kf6 Ke8 44.a3  1-0

[Event "BL2-O9798"]
[Site "Germany"]
[Date "1998.??.??"]
[Round "9.4"]
[White "Proehl, Holger"]
[Black "Arnold, Johannes"]
[Result "1/2-1/2"]
[WhiteElo "2405"]
[BlackElo "2325"]

1.e4 c5 2.c3 Nf6 3.e5 Nd5 4.Bc4 Nb6 5.Bb3 d5 6.exd6 Qxd6 7.Na3 Be6 8.Qe2 Bxb3
9.axb3 Nc6 10.Nf3 a6 11.O-O g6 12.d3 Bg7 13.Be3 O-O 14.Rad1 Nd7 15.d4 cxd4
16.Nxd4 Qc7 17.Nxc6 Qxc6 18.Qc4 Rfd8 19.Qxc6 bxc6 20.b4 Kf8 21.Nc4 Ke8 22.Ra1 Ne5
23.Nxe5 Bxe5 24.Ra2 f5 25.g3 h5 26.Rfa1 h4 27.Kg2 Bf6 28.Rxa6 Rac8 29.Re1 Kf7
30.Bf4 g5 31.Be5 Rd2 32.Bxf6 Kxf6 33.gxh4 gxh4 34.Ra7 e5 35.Rh7 Rg8+ 36.Kf1 Rxb2
37.Rxh4 e4 38.Rh6+ Ke5 39.Rh3 Ra8 40.f3 Raa2 41.fxe4 Rf2+ 42.Kg1 Rg2+ 43.Kh1 fxe4
44.Rh5+ Kf4 45.Rh4+ Kf3 46.Rh6 Rge2 47.Rf6+ Ke3 48.Rxe2+ Kxe2 49.Rxc6 e3
50.Kg2 Ke1+ 51.Kf3 e2 52.Re6 Kf1 53.h4 Rc2 54.h5 Rxc3+ 55.Kf4 Kf2 56.Rxe2+ Kxe2
57.h6 Rc4+  1/2-1/2

[Event "Ruhr-ch Seniors 5th"]
[Site "Germany"]
[Date "1998.??.??"]
[Round "9"]
[White "Burnat, Horst"]
[Black "Schmitthoefer, Herbert"]
[Result "1/2-1/2"]
[WhiteElo "1700"]
[BlackElo "1805"]

1.e4 c5 2.c3 Nf6 3.e5 Nd5 4.d4 cxd4 5.cxd4 e6 6.Nc3 Bb4 7.Bd2 Nb6 8.Nf3 Nc6
9.Be2 Bxc3 10.bxc3 d6 11.Bb5 g6 12.Bxc6+ bxc6 13.exd6 Qxd6 14.O-O O-O 15.Qc1 Qd5
16.Re1 f6 17.Bf4 Nc4 18.Rb1 g5 19.Bg3 h5 20.h3 Kf7 21.Rb3 g4 22.hxg4 hxg4
23.Nh4 Qg5 24.Qf4 Qxf4 25.Bxf4 Rh8 26.g3 Rd8 27.Rb4 Na3 28.Rb3  1/2-1/2

[Event "Haarlem AKN op"]
[Site "Haarlem"]
[Date "1998.??.??"]
[Round "4"]
[White "Van Delft, Merijn"]
[Black "De Leur, Ben"]
[Result "1-0"]
[WhiteElo "2240"]
[BlackElo "2205"]

1.e4 c5 2.c3 Nf6 3.e5 Nd5 4.d4 e6 5.Nf3 Nc6 6.c4 Nb6 7.d5 exd5 8.cxd5 Nxe5
9.Nxe5 Qe7 10.Qe2 Nxd5 11.Nc3 Nxc3 12.bxc3 d6 13.Nd3 Bf5 14.Nf4 Qxe2+ 15.Bxe2 O-O-O
16.Bf3 g5 17.Nd5 g4 18.Be2 Re8 19.Be3 h5 20.O-O-O Bg7 21.Bd3 Be6 22.Bb5 Rd8
23.Bg5 Bh6 24.Bxh6 Rxh6 25.a4 a6 26.Bc4 Bxd5 27.Bxd5 Rf6 28.f3 Rf4 29.c4 gxf3
30.gxf3 b5 31.axb5 axb5 32.cxb5 Kc7 33.Rhe1 Kb6 34.Re7 Kxb5 35.Rb7+ Ka6 36.Rxf7 Rxf7
37.Bxf7 Kb5 38.Bd5 c4 39.Kc2 Rf8 40.Kc3 Rf4 41.Be4 Rh4 42.Rd5+ Kb6 43.Rxd6+ Kc7
44.Rd2  1-0

[Event "Helsinki op3"]
[Site "Helsinki"]
[Date "1998.??.??"]
[Round "2"]
[White "Vihinen, Teemu"]
[Black "Nykopp, Jan Michael F"]
[Result "1/2-1/2"]
[WhiteElo "2155"]
[BlackElo "2225"]

1.e4 c5 2.c3 Nf6 3.e5 Nd5 4.d4 cxd4 5.Nf3 Nc6 6.Bc4 Nb6 7.Bb3 d5 8.exd6 Qxd6
9.O-O Bf5 10.Nxd4 Nxd4 11.cxd4 Bxb1 12.Rxb1 e6 13.Qg4 h5 14.Qf3 Qc6 15.Qe2 Rd8
16.Bg5 Be7 17.Rbc1 Qd7 18.Bxe7 Qxe7 19.Qb5+ Qd7 20.Qa5 O-O 21.Qxh5 Qxd4 22.Rc3 g6
23.Qf3 Nd5 24.Bxd5 Rxd5 25.b3 Rd7 26.Rc4 Qb2 27.h4 Rd5 28.Rc7 Qxa2 29.Rxb7 a5
30.Rc1 Qb2 31.Rbc7 Rf5 32.Qe3 Qf6 33.g3 Rf3 34.Qb6 Qb2 35.R7c2 Qxb3 36.Qxa5 Rf5
37.Qd2 Qf3 38.Rc7 Qe4 39.Qb2 Qe5 40.Qd2 Kg7 41.Rd7 Qe4 42.Re1 Qc4 43.Qe3 Kg8
44.Rd4 Qc5 45.Qe4 Rc8 46.Kg2 Rd5 47.Rxd5 Qxd5 48.Qxd5 exd5 49.Rd1 Rd8 50.Kf3 Kg7
51.Ke3 Kf6 52.Kd4 Ke6 53.Re1+  1/2-1/2

[Event "Hessenliga9798"]
[Site "Hessen"]
[Date "1998.??.??"]
[Round "?.4"]
[White "Kopp, Peter"]
[Black "Schneider, Heiko"]
[Result "0-1"]
[WhiteElo "2165"]
[BlackElo "2265"]

1.e4 c5 2.c3 Nf6 3.e5 Nd5 4.d4 d6 5.Nf3 cxd4 6.cxd4 Nc6 7.Bc4 Nb6 8.Bb5 dxe5
9.Nxe5 Bd7 10.Bxc6 Bxc6 11.Nxc6 bxc6 12.O-O e6 13.Qg4 h5 14.Qe4 Nd5 15.Nc3 Bd6
16.Be3 Rb8 17.Na4 Qc7 18.h3 O-O 19.b3 Rb5 20.Rfc1 Rc8 21.Nc5 Nxe3 22.fxe3 Bxc5
23.Rxc5 Rxc5 24.dxc5 Rd8 25.Qc2 Qa5 26.a3 Rd2 27.Qc4 Qd8 28.b4 Qf6 29.Rf1 Qg6
30.Rf2 Qb1+ 31.Rf1 Qg6 32.Rf2 Rd3 33.Qc1 Qe4 34.Re2 Qd5 35.Qb2 Rb3 36.Qa2 Qd3
37.Qd2 Kf8 38.Qxd3 Rxd3 39.Kf2 Rxa3 40.Rd2 a5 41.Rd6 axb4 42.Rxc6 Rc3 43.Rb6 Rxc5
44.Rxb4 Ke7 45.Kf3 Rf5+ 46.Ke2 Kf6 47.Ra4 g5 48.g4 hxg4 49.hxg4 Rb5 50.Ra7 Kg6
51.Ra6 Re5 52.Kf3 f5 53.gxf5+ Kxf5 54.Ra8 g4+ 55.Kf2 Kg5 56.Rg8+ Kh4 57.Rh8+ Rh5
58.Re8 Rf5+ 59.Kg2 Rf6 60.Rh8+ Kg5 61.Rg8+ Kf5 62.Kg3 Ke4 63.Kxg4 Kxe3 64.Ra8 Rg6+
65.Kh5 Rg1 66.Re8 Ke4 67.Kh4 e5 68.Kh3 Kf3 69.Kh2 Rg5 70.Rf8+ Ke3 71.Ra8 e4
72.Ra3+ Kf2 73.Ra2+ Kf3  0-1

[Event "4 Landerkampf"]
[Site "Hessen"]
[Date "1998.??.??"]
[Round "1"]
[White "Kersten, Uwe"]
[Black "Gerstner, Wolfgang"]
[Result "1/2-1/2"]
[WhiteElo "2360"]
[BlackElo "2360"]

1.e4 c5 2.c3 Nf6 3.e5 Nd5 4.Nf3 e6 5.Bc4 Nb6 6.Be2 Nc6 7.d4 d5 8.exd6 cxd4
9.cxd4 Bxd6 10.Nc3 Nd5 11.O-O Nxc3 12.bxc3 O-O 13.Bd3 Be7 14.Qe2 Qa5 15.Bd2 Rd8
16.Rfe1 Bf6 17.Qe4 Qh5 18.h3 Qf5 19.Qe2 Qd5 20.Bf4 b6 21.Bc7 Re8 22.Be4 Qd7
23.Ne5 Bxe5 24.Bxe5 Bb7 25.Qd3 h6  1/2-1/2

[Event "Hlohovec op"]
[Site "Hlohovec"]
[Date "1998.??.??"]
[Round "3"]
[White "Novak, Ivan"]
[Black "Stets, Dmitry"]
[Result "0-1"]
[WhiteElo "2345"]
[BlackElo "2420"]

1.e4 c5 2.c3 Nf6 3.e5 Nd5 4.d4 cxd4 5.Qxd4 e6 6.Bd3 Nc6 7.Qe4 d6 8.Nf3 dxe5
9.Nxe5 Bd6 10.Nc4 Bc7 11.O-O f5 12.Qe2 O-O 13.Rd1 Qf6 14.Qh5 h6 15.a4 e5
16.Nba3 a6 17.Be3 Be6 18.Bxf5 Qxf5  0-1

[Event "Hlohovec op"]
[Site "Hlohovec"]
[Date "1998.??.??"]
[Round "8"]
[White "Novak, Ivan"]
[Black "Henc, Renata"]
[Result "1-0"]
[WhiteElo "2345"]
[BlackElo "2155"]

1.e4 c5 2.c3 Nf6 3.e5 Nd5 4.d4 cxd4 5.Qxd4 e6 6.Bd3 Nc6 7.Qe4 d6 8.Nf3 Qc7
9.exd6 Bxd6 10.O-O Nf4 11.Bxf4 Bxf4 12.Na3 a6 13.Rfe1 g6 14.h4 h5 15.Nc4 O-O
16.Rad1 Ne7 17.Nb6 Rb8 18.Qc4 Qxc4 19.Bxc4 Nc6 20.a4 Bc7 21.Nd7 Bxd7 22.Rxd7 Bf4
23.g3 Bh6 24.Rc7 Rfc8 25.Rxc8+ Rxc8 26.Rxe6 Nd4 27.cxd4 Rxc4 28.Rb6 Rxa4
29.Rxb7 Kf8 30.Ne5 Rxd4 31.Rxf7+ Ke8 32.Rf6 Rd1+ 33.Kg2 Bg7 34.Re6+ Kf8 35.Nxg6+ Kf7
36.Rxa6 Bxb2 37.Nf4 Rd2 38.Ra2 Rc2 39.Nd3  1-0

[Event "Hollabrunn op"]
[Site "Hollabrunn"]
[Date "1998.??.??"]
[Round "5"]
[White "Lazovic, Gordan"]
[Black "Hava, Cristina"]
[Result "1-0"]
[WhiteElo "2305"]
[BlackElo "2125"]

1.e4 c5 2.c3 Nf6 3.e5 Nd5 4.d4 cxd4 5.Nf3 Nc6 6.cxd4 d6 7.Bc4 Nb6 8.Bb3 dxe5
9.d5 Nd4 10.Nxd4 exd4 11.Qxd4 e6 12.Nc3 f6 13.O-O e5 14.Qh4 Bf5 15.Be3 Bd6
16.f4 Bg6 17.Rad1 Bf7 18.Ne4 exf4 19.Bxf4 Bxf4 20.Qxf4 O-O 21.Nd6 Kh8 22.Nxf7+ Rxf7
23.d6 Rf8 24.Rf3 Nd7 25.Rh3 Ne5 26.Qh4 h6 27.Qe4 Nf7 28.Qxb7 Qb6+ 29.Qxb6 axb6
30.Rc3 Rad8 31.d7 Ne5 32.Be6 f5 33.Rc8 g5 34.Rxd8 Rxd8 35.Rc1  1-0

[Event "Hollabrunn op"]
[Site "Hollabrunn"]
[Date "1998.??.??"]
[Round "9"]
[White "Lazovic, Gordan"]
[Black "Waller, Helmut"]
[Result "1-0"]
[WhiteElo "2305"]
[BlackElo "2190"]

1.e4 c5 2.c3 Nf6 3.e5 Nd5 4.d4 cxd4 5.Nf3 Nc6 6.cxd4 d6 7.Bc4 Nb6 8.Bb3 e6
9.Qe2 dxe5 10.dxe5 Bb4+ 11.Nc3 Nd4 12.Nxd4 Qxd4 13.O-O O-O 14.Rd1 Qh4 15.Ne4 h6
16.Rd4 Qe7 17.Bxh6 Rd8 18.Nf6+  1-0

[Event "HUN-chT29899"]
[Site "HUN"]
[Date "1998.??.??"]
[Round "?"]
[White "Kun, Gabor"]
[Black "Somogyi, Istvan"]
[Result "1/2-1/2"]
[WhiteElo "2220"]
[BlackElo "2225"]

1.e4 c5 2.c3 Nf6 3.e5 Nd5 4.d4 cxd4 5.Nf3 Nc6 6.cxd4 d6 7.Bc4 Nb6 8.Bb5 e6
9.O-O Be7 10.Nc3 O-O 11.a3 a6 12.Bd3 dxe5 13.dxe5 Nd7 14.Qe2 Nc5 15.Bc2 Qc7
16.Re1 b5 17.Ne4 Nxe5 18.Nxc5 Nxf3+ 19.Qxf3 Bxc5 20.Bf4 Qb6 21.b4 Bd4 22.Rad1 Bb7
23.Bxh7+ Kxh7 24.Qd3+ Kg8 25.Qxd4 Qxd4  1/2-1/2

[Event "HUN-chT29899"]
[Site "HUN"]
[Date "1998.??.??"]
[Round "?"]
[White "Homonnay, Adam"]
[Black "Kis, Jozsef"]
[Result "1/2-1/2"]
[WhiteElo "2100"]
[BlackElo "2155"]

1.e4 c5 2.c3 Nf6 3.e5 Nd5 4.d4 cxd4 5.cxd4 Nc6 6.Nf3 d6 7.Be2 dxe5 8.dxe5 Bg4
9.O-O Qd7 10.Qb3 e6 11.Rd1 Qc7 12.Nc3 Nxc3 13.Qxc3 Be7 14.Bf4 O-O  1/2-1/2

[Event "HUN-chT2 9798"]
[Site "HUN"]
[Date "1998.??.??"]
[Round "?"]
[White "Egri, Laszlo"]
[Black "Nagy, Sandor"]
[Result "1-0"]
[WhiteElo "2140"]
[BlackElo "2205"]

1.e4 c5 2.c3 Nf6 3.e5 Nd5 4.d4 cxd4 5.cxd4 d6 6.Bc4 Nb6 7.Bb5+ Bd7 8.e6 Bxb5
9.Qh5 Qc8 10.Qxb5+ Kd8 11.Be3 Qxe6 12.d5 Nxd5 13.Qxb7 Nc7 14.Nc3 Qc8 15.Qf3 Ke8
16.Rc1 Qa6 17.Nge2 Nc6 18.Nb5 Qxb5 19.Rxc6 Rc8 20.O-O Qb7 21.Rfc1 g6 22.Qg4 Kd8
23.Qd4 Rg8 24.Qxa7 Qxa7 25.Bxa7 Bg7 26.Bb6 Kd7 27.Rxc7+ Rxc7 28.Rxc7+ Ke6
29.Bd4  1-0

[Event "HUN-chT2 9798"]
[Site "HUN"]
[Date "1998.??.??"]
[Round "?"]
[White "Horvath, Tamas"]
[Black "Somogyi, Istvan"]
[Result "1-0"]
[WhiteElo "2395"]
[BlackElo "2255"]

1.e4 c5 2.c3 Nf6 3.e5 Nd5 4.d4 cxd4 5.Nf3 Nc6 6.cxd4 d6 7.Bc4 Nb6 8.Bb5 Bd7
9.Nc3 a6 10.Be2 Bf5 11.d5 Nb4 12.Nd4 Bc8 13.e6 Qc7 14.exf7+ Kxf7 15.Qb3 a5
16.Be3 Nd7 17.Ne6 Qb8 18.a3 Na6 19.O-O Nf6 20.Rac1 Bd7 21.Bd4 g6 22.Ne4 Nxe4
23.Bxh8 Nd2 24.Qh3 Kg8 25.Rfd1 Ne4 26.Bd4 Nf6 27.Bxa6 bxa6 28.Rc7 Qb5 29.Bxf6 exf6
30.Qc3 Bxe6 31.dxe6 Qe5 32.Qxe5 fxe5 33.e7 Bg7 34.Rxd6 Re8 35.Rd8 Kf7 36.Rxe8 Kxe8
37.Ra7 e4 38.b3 Bb2 39.Rxa6 Bxa3 40.Rxa5 Bxe7 41.Re5  1-0

[Event "HUN-chT2 9798"]
[Site "HUN"]
[Date "1998.??.??"]
[Round "?"]
[White "Kosanovic, Goran A"]
[Black "Mincsovics, Miklos"]
[Result "1-0"]
[WhiteElo "2455"]
[BlackElo "2165"]

1.e4 c5 2.c3 Nf6 3.e5 Nd5 4.d4 cxd4 5.Nf3 e6 6.cxd4 b6 7.Bd3 Ba6 8.O-O Be7
9.Nc3 Nxc3 10.bxc3 O-O 11.Bf4 d6 12.Re1 Bxd3 13.Qxd3 g6 14.exd6 Bxd6 15.Bh6 Re8
16.Ng5 Nd7 17.Qh3 Nf6 18.Re3 Rc8 19.Rf3 Rc7 20.Re1 e5 21.d5 Rc4 22.Rxf6 Qxf6
23.Nxh7 Qh8 24.Qd7 Rec8 25.Qxd6 Qxh7 26.Bg5 Rxc3 27.Qxe5 Qg7 28.Bf6 Qf8 29.d6 Rd3
30.Be7 Qg7 31.Qb5 Qc3 32.Rf1 Qc4 33.Qd7 a6 34.h3 Kg7 35.Re1 Qc6 36.Qg4  1-0

[Event "HUN-chT29899"]
[Site "HUN"]
[Date "1998.??.??"]
[Round "?"]
[White "Egri, Laszlo"]
[Black "Borsavolgyi, Tamas"]
[Result "1/2-1/2"]
[WhiteElo "2150"]
[BlackElo "2300"]

1.e4 c5 2.c3 Nf6 3.e5 Nd5 4.d4 cxd4 5.cxd4 d6 6.Nf3 e6 7.Bc4 Nb6 8.Bb3 Nc6
9.O-O Be7 10.Qe2 O-O 11.exd6 Qxd6 12.Nc3 Nxd4 13.Nxd4 Qxd4 14.Nb5 Qf6 15.Be3 Bd7
16.Nxa7 Nd5 17.Bxd5 exd5 18.Nb5 Qa6 19.Nd4 Qxe2 20.Nxe2 Bb5 21.Rfe1 Bb4 22.Nc3 Bxc3
23.bxc3 Rfc8 24.Bd4 Ra3 25.Rab1 Bc6  1/2-1/2

[Event "HUN-chT2 9798"]
[Site "HUN"]
[Date "1998.??.??"]
[Round "?"]
[White "Szittar, Antal"]
[Black "Gara, Anita"]
[Result "0-1"]
[WhiteElo "2170"]
[BlackElo "2285"]

1.e4 c5 2.c3 Nf6 3.e5 Nd5 4.d4 cxd4 5.cxd4 d6 6.Nf3 Nc6 7.Bc4 Nb6 8.Bb5 dxe5
9.Nxe5 Bd7 10.Bxc6 Bxc6 11.Nxc6 bxc6 12.O-O g6 13.Nc3 Bg7 14.Be3 O-O 15.Qd3 Qd7
16.Rad1 Rad8 17.Qa6 Qc7 18.a4 Nd5 19.Nxd5 Rxd5 20.Rc1 Bxd4 21.Bxd4 Rxd4 22.Rxc6 Qd7
23.b3 Rb8 24.Rc4 Rxb3 25.Rxd4 Qxd4 26.Qe2 Qxa4 27.Qxe7 Qd4 28.h4 h5 29.Rc1 Rb8
30.g3 a5 31.Qc7 Rb3 32.Kg2 Rb2 33.Qf4 Qxf4 34.gxf4 Rb8 35.Ra1 Ra8 36.Ra4 Kg7
37.Kf3 Kf6 38.Ke4 Ke6 39.Kf3 f5 40.Ke3 Kd5 41.Kd3 Kc5 42.Kc3 Kb5 43.Rd4 a4
44.Kb2 a3+ 45.Ka2 Ra6 46.Rd8 Kc4 47.Rd7 Kc3 48.Rd8 Ra4 49.Rd6 Rxf4 50.Rxg6 Rxh4
51.Rg5 f4 52.Kxa3 Kd3 53.Re5 Rh1 54.f3 Rh3 55.Kb3 h4  0-1

[Event "HUN-chT2 9798"]
[Site "HUN"]
[Date "1998.??.??"]
[Round "?"]
[White "Tivolt, Ferenc"]
[Black "Bokros, Istvan"]
[Result "1-0"]
[WhiteElo "2175"]
[BlackElo "2145"]

1.e4 c5 2.c3 Nf6 3.e5 Nd5 4.d4 cxd4 5.cxd4 e6 6.Nc3 Nxc3 7.bxc3 d5 8.Bd3 Qc7
9.Bd2 Nc6 10.Rb1 Bd7 11.Nf3 Be7 12.O-O h6 13.Qe2 Na5 14.Rfc1 Nc4 15.Be1 Ba3
16.Rd1 Ba4 17.Bc2 Bxc2 18.Qxc2 O-O 19.Nd2 Rfb8 20.Qb3 Be7 21.Nf1 b5 22.Rd3 a5
23.Qd1 b4 24.Rg3 bxc3 25.Rc1 Rb2 26.Bxc3 Rxa2 27.Bd2 Ra3 28.Ne3 Nxe3 29.Bxe3 Qd7
30.Qh5 Bf8 31.Qxh6 Rc8 32.Rf1 Qa4 33.h4 Ra1 34.Rxa1 Qxa1+ 35.Kh2 a4 36.h5 Qb1
37.Qg5 Qf5 38.Qh4 a3 39.h6 a2 40.hxg7 Bxg7 41.Bh6 Qh7 42.Qf6 Kf8 43.Rxg7 Qxg7
44.Qxg7+  1-0

[Event "HUN-chT9899"]
[Site "HUN"]
[Date "1998.??.??"]
[Round "?"]
[White "Jamrich, Gyorgy"]
[Black "Zila, Laszlo"]
[Result "1-0"]
[WhiteElo "2310"]
[BlackElo "2265"]

1.e4 c5 2.c3 Nf6 3.e5 Nd5 4.d4 cxd4 5.Nf3 e6 6.cxd4 b6 7.a3 d6 8.Bd3 Nd7
9.O-O Be7 10.Qe2 Bb7 11.Bd2 Rc8 12.Nc3 Nxc3 13.Bxc3 O-O 14.Rac1 Rc7 15.Rfd1 Qc8
16.Bc2 dxe5 17.dxe5 Bxf3 18.gxf3 Rd8 19.Rd4 Nf8 20.Rcd1 Rxd4 21.Rxd4 Bxa3
22.Bd3 Bc5 23.Rg4 Qd8 24.h4 Rd7 25.Bc2 a5 26.h5 Bd4 27.Ba4 Rd5 28.Bc6 Bxc3
29.Bxd5 Bxb2 30.Bc6 Ba3 31.Qe3 Bc5 32.Qh6 g6 33.hxg6 fxg6 34.Bb5 Qd1+ 35.Kg2 Qe1
36.Qf4 Qb4 37.Bc4 Qb2 38.Qf6 Qxf2+ 39.Kh3 Qe1 40.Bxe6+ Nxe6  1-0

[Event "HUN-chT9899"]
[Site "HUN"]
[Date "1998.??.??"]
[Round "?"]
[White "Szabo, Virag"]
[Black "Forgacs, Attila"]
[Result "1/2-1/2"]
[WhiteElo "2095"]
[BlackElo "2180"]

1.e4 c5 2.c3 Nf6 3.e5 Nd5 4.d4 cxd4 5.Nf3 Nc6 6.Bc4 Nb6 7.Bb3 d6 8.exd6 Qxd6
9.O-O Be6 10.Bxe6 Qxe6 11.Nxd4 Qd7 12.Nb5 a6 13.Qxd7+ Kxd7 14.Rd1+ Kc8 15.N5a3 e6
16.b3 Be7 17.Bb2 Kc7 18.c4 Rad8 19.Nd2 Rd3 20.Nf3 Rhd8 21.Rxd3 Rxd3 22.Nc2 Bf6
23.Bxf6 gxf6 24.Kf1 Ne7 25.Ke2  1/2-1/2

[Event "HUN-chT9899"]
[Site "HUN"]
[Date "1998.??.??"]
[Round "?"]
[White "Tamas, Norbert"]
[Black "Gara, Ticia"]
[Result "0-1"]
[WhiteElo "2250"]
[BlackElo "2245"]

1.e4 c5 2.c3 Nf6 3.e5 Nd5 4.d4 cxd4 5.Nf3 Nc6 6.Bc4 Nb6 7.Bb3 d5 8.exd6 Qxd6
9.O-O Be6 10.Bxe6 Qxe6 11.Nxd4 Nxd4 12.Qxd4 Rd8 13.Qh4 Qe2 14.Nd2 g6 15.Qf4 Bg7
16.Qf3 Rxd2 17.Bxd2 Qxd2 18.Qxb7 Qd7 19.Qb8+ Nc8 20.Rfd1 Qc6 21.Rd3 O-O 22.Rad1 Qb6
23.Qxb6 Nxb6 24.b3 Be5 25.g3 Kg7 26.Kg2 Rc8 27.Re1 Bd6 28.Re2 Nd7 29.Rc2 Nc5
30.Rd4 Nd7 31.Ra4 Rc7 32.Kf1 Be5 33.Re4 Kf6 34.Re3 g5 35.h3 Nb6 36.Rd3 Bd6
37.Re2 Rc5 38.Rf3+ Kg6 39.Re4 Rd5 40.Re2 Rc5 41.Re4 Nd5 42.Ra4 a5 43.b4 axb4
44.cxb4 Rc1+ 45.Kg2 Nxb4 46.Ra8 Kg7 47.Rf5 f6 48.a4 Nd3 49.Rb5 Rc2 50.a5 Rxf2+
51.Kg1 Rc2 52.a6 Bc5+ 53.Kh1 Nf2+ 54.Kg2 Ne4+ 55.Kf1 Rc1+ 56.Ke2 Nc3+  0-1